000 00762cab a2200253 4500
001 ABS56413
008 090401t1997 xxu||||| |||| 00| 0 eng d
035 _a(Sirsi) u23424
041 _aeng
100 _aDunn, G.
245 _aRentals reviewed
260 _c1997
350 _a0
490 _aCountry Landowner
_vJanuary 1997, 22(1)
520 _aThe Joseph Rowntree Foundation and the Country Landowners Association have published new research into the private rented sector in rural areas. The main findings are summarised.
650 _aCLA
650 _aJOSEPH ROWNTREE FOUNDATION
650 _aPRIVATE RENTED SECTOR
650 _aRURAL AREAS
650 _aRURAL HOUSING
690 _aRURAL PRACTICE
942 _n0
948 _c04/03/1997
999 _c15658
_d15658